000 00627nam a2200205 a 4500
001 BRCA_2677
005 20190320203923.0
008 021208s1958----enka---###---#000-0#eng-#
050 4 _aNK3880
_b.L36 1958
100 1 _aLane, Edward Arthur
_97595
245 1 0 _aEarly Islamic pottery
_bMesopotamia, Egypt and Persia
_cArthur Lane.
260 _aLondon
_bFaber and Faber
_c1958
300 _axi, 52 p.
_bil., 96 láminas
_c26 cm.
500 _aIncluye índice analítico y lista de ilustraciones
500 _aA122
504 _aBibliografía : p. 49
650 1 4 _aCerámica mahometana
_97482
902 _aGFM
942 _2lcc
_cB
999 _c2417
_d2417